| 000 | 00406nam a22001337a 4500 | ||
|---|---|---|---|
| 003 | SGT | ||
| 082 |
_a617.6342 _bT12M |
||
| 100 | _aMEDIRATTA, SONAM | ||
| 245 | _aTHE COMPARISON OF SURFACE TENSION OF ALOE VERA AND TRIPHALA WITH THAT OF REGULARLY USED ROOT CANAL IRRIGANTS | ||
| 260 |
_aDELHI NCR _bSGT UNIVERSITY GURUGRAM _c2012 |
||
| 300 | _a1-57 | ||
| 650 | _aCONSERVATIVE DENTISTRY | ||
| 942 |
_2ddc _cTH |
||
| 999 |
_c16096 _d16096 |
||